| 000 | 01313cam a2200253 4500 | ||
|---|---|---|---|
| 001 | J118309 | ||
| 008 | 020131n2001 000 0 eng u | ||
| 022 | _a1354-506X | ||
| 035 | _a(Sirsi) u118309 | ||
| 041 | _aeng | ||
| 050 |
_a333.332 _c18 |
||
| 100 | _aHavard, Tim | ||
| 245 | _aValuation reliability and valuer behaviour | ||
| 260 |
_aLondon _bRICS Foundation _c2001 |
||
| 490 |
_aRICS Foundation Research Papers _v4(1) |
||
| 520 | _aReveals that the normal behaviour of valuers and the procedures followed by valuation firms lead to a higher risk of an unsupportable valuation being reported to a client under certain circumstances, namely where valuers are working in relatively unfamiliar areas. | ||
| 520 | _aAvailable to download, by subscription or one-off payment, at www.rics-foundation.org. RICS members may also view the research via the public access terminals in the RICS Library - please ask Library Staff for details. | ||
| 650 | _aBEHAVIOURAL ASPECTS | ||
| 650 | _aVALUERS' APPROACHES | ||
| 690 | _aPROPERTY-PROPERTY APPRAISAL AND VALUATION | ||
| 710 |
_aRoyal Institution of Chartered Surveyors _bFoundation _94173 |
||
| 856 |
_uhttps://www.rics.org/Global/Downloads/ValuationReliabilityValuerBehaviour2001.pdf _vView the research on the RICS Foundation website... |
||
| 942 | _n0 | ||
| 999 |
_c102128 _d102128 |
||